| 000 | 00608nam a22001937a 4500 | ||
|---|---|---|---|
| 005 | 20161110123102.0 | ||
| 010 | _aENG-116414 | ||
| 020 |
_a9788180549052 _c215.00 |
||
| 035 | _aEN-99946 | ||
| 037 | _bDBAD/PUB | ||
| 082 | _a657.950954 | ||
| 100 | _aGupta,R.L. | ||
| 245 |
_aIntroductory corporate accounting : _cby R.L.Gupta [and] V.K. Gupta _bfor B.Com semester-II university of Delhi / |
||
| 250 | _a3rd revi. | ||
| 260 |
_aNew Delhi _bSultan Chand _c2012 |
||
| 270 |
_a23,Daryaganj _bNew Delhi _e110002 |
||
| 300 |
_avarious pagings _c22cm(pbk) |
||
| 942 |
_2ddc _cEN _mGUP _h657.950954 |
||
| 999 |
_c104436 _d104436 |
||